| Tag |
First Indicator |
Second Indicator |
Subfields |
| LEADER |
00000cam a2200000 4500 |
| 001 |
in00000282912 |
| 005 |
20151010090858.0 |
| 008 |
731030s1972 ii 00000 eng |
| 010 |
|
|
|a 72907091
|
| 035 |
|
|
|a (OCoLC)00745797
|
| 035 |
|
|
|9 ABG4920AM
|
| 037 |
|
|
|c Rs20.00
|
| 040 |
|
|
|a DLC
|c DLC
|d TXA
|d UtOrBLW
|
| 043 |
|
|
|a a-bg---
|
| 049 |
|
|
|a TXAM
|c [924722]
|
| 050 |
0 |
0 |
|a DS395.5
|b .M34
|
| 100 |
1 |
|
|a Malik, Amita.
|
| 245 |
1 |
4 |
|a The year of the vulture.
|
| 264 |
|
1 |
|a [New Delhi] :
|b Orient Longman,
|c [1972]
|
| 300 |
|
|
|a 159 pages ;
|c 23 cm.
|
| 336 |
|
|
|a text
|b txt
|2 rdacontent
|
| 337 |
|
|
|a unmediated
|b n
|2 rdamedia
|
| 338 |
|
|
|a volume
|b nc
|2 rdacarrier
|
| 651 |
|
0 |
|a Bangladesh
|x History
|y Revolution, 1971
|x Atrocities.
|
| 999 |
|
|
|a MARS
|
| 999 |
f |
f |
|s c037d5fe-98b5-337a-bdf7-a0e2645c333c
|i ed2410ff-1683-3d49-950b-aaa0d0e91037
|t 0
|
| 952 |
f |
f |
|p ric
|a Texas A&M University
|b Rellis Campus
|c Joint Library Facility
|d Remote Storage
|t 0
|e DS395.5 .M34
|h Library of Congress classification
|i unmediated -- volume
|m A14802043514
|
| 998 |
f |
f |
|a DS395.5 .M34
|t 0
|l Remote Storage
|